Among Us The Skeld Locations Map Quiz - Statistics

General Stats
  • This quiz has been taken 32,500 times
  • The average score is 11 of 14
Answers on the Map
Answers color-coded by a green-red scale on the quiz's map according to % correct below.
 
Answer Stats
Answer % Correct
Cafeteria
92%
Electrical
88%
MedBay
87%
Lower Engine
86%
Upper Engine
85%
Reactor
83%
Security
83%
Storage
83%
O2
82%
Admin
81%
Navigation
78%
Communications
74%
Weapons
74%
Shields
73%
No matching quizzes found
Score Distribution
Percent of People with Each Score
Percentile by Number Answered
Your Score History
You have not taken this quiz